| 000 | 006260000a22001210004500 | ||
|---|---|---|---|
| 245 | 1 | 0 | _aLa unión hace la excelencia |
| 300 | _aVol.0, núm.10 ( Febrero/Abril 2008), Páginas 10-11 | ||
| 500 | _aUna estrategia exitosa que Colombia ha emprendido en los últimos cuatro años es la creación de Centros de Excelencia, a través de los cuales grupos de investigación aportan al país soluciones de alto nivel a problemáticas específicas. | ||
| 520 | _aProductos y soluciones, Estímulo a nuevos conocimientos. | ||
| 650 | 1 | 4 | _aEDUCACIÓN SUPERIOR-COLOMBIA |
| 773 | 0 | _tEducación superior : Boletín informativo | |
| 942 | _cANA | ||
| 999 |
_c62610 _d62610 |
||